Statistiques concernant Villes avec un Legoland

Cliquez ici pour prendre le quiz!

Statistiques générales

  • Ce quiz a été pris 18 fois
  • Le résultat moyen est 2 sur 8

Statistiques - réponses

CountryCity% Correct
Émirats arabes unisDubaï
71%
DanemarkBillund
53%
Royaume-UniWindsor
24%
AllemagneGünzburg
12%
JaponNagoya
12%
États-UnisCarlsbad
6%
États-UnisWinter Haven
6%
MalaisieIskandar Puteri
0%

Distribution des résultats

Percentile par nombre de réponses

% des personnes avec chaque résultat

Votre développement - résultats

Vous n’avez pas pris ce quiz